<?xml version="1.0" encoding="UTF-8"?>
<record
    xmlns:xsi="http://www.w3.org/2001/XMLSchema-instance"
    xsi:schemaLocation="http://www.loc.gov/MARC21/slim http://www.loc.gov/standards/marcxml/schema/MARC21slim.xsd"
    xmlns="http://www.loc.gov/MARC21/slim">

  <leader>01560nkm a2200289za 4500</leader>
  <controlfield tag="001">84428</controlfield>
  <controlfield tag="003">OSt</controlfield>
  <controlfield tag="005">20260416123909.0</controlfield>
  <controlfield tag="007">kh bo </controlfield>
  <controlfield tag="008">250407s1909    sp ||||| |||| 00| i|spa d</controlfield>
  <datafield tag="040" ind1=" " ind2=" ">
    <subfield code="c">M-RABA</subfield>
  </datafield>
  <datafield tag="245" ind1="0" ind2=" ">
    <subfield code="a">[El Se&#xF1;or atado a la columna y la contrici&#xF3;n de San Pedro]</subfield>
    <subfield code="h">[Material gr&#xE1;fico]</subfield>
  </datafield>
  <datafield tag="260" ind1=" " ind2=" ">
    <subfield code="c">[ca. 1909]</subfield>
  </datafield>
  <datafield tag="300" ind1=" " ind2=" ">
    <subfield code="a">1 fotograf&#xED;a</subfield>
    <subfield code="b">: fototipia</subfield>
    <subfield code="c">; 19 x 27,5 cm</subfield>
  </datafield>
  <datafield tag="500" ind1=" " ind2=" ">
    <subfield code="a">Reproducci&#xF3;n fotogr&#xE1;fica de la obra "El Se&#xF1;or atado a la columna y la contrici&#xF3;n de San Pedro", atribuido al pintor Luis de Morales "El Divino".</subfield>
  </datafield>
  <datafield tag="500" ind1=" " ind2=" ">
    <subfield code="a">La tabla original se conserv&#xF3; en la Iglesia madrile&#xF1;a de San Isidro hasta 1936, cuando el templo jesuita fue incendiado durante la guerra civil.</subfield>
  </datafield>
  <datafield tag="500" ind1=" " ind2=" ">
    <subfield code="a">La fototipia pertenece al art&#xED;culo: M&#xE9;lida, J. R.: &#x201C;Un Morales y un Goya existentes en la Catedral de Madrid&#x201D;, en B.S.E.E., T. XVII, 1909, p. 1.</subfield>
  </datafield>
  <datafield tag="500" ind1=" " ind2=" ">
    <subfield code="a">Fecha probable, tomada de la publicaci&#xF3;n en el BSEE.</subfield>
  </datafield>
  <datafield tag="510" ind1=" " ind2=" ">
    <subfield code="a">M&#xE9;lida, Jos&#xE9; Ram&#xF3;n: &#x201C;Un Morales y un Goya existentes en la Catedral de Madrid&#x201D;, en B.S.E.E., T. XVII, 1909, p. 1.</subfield>
  </datafield>
  <datafield tag="600" ind1="1" ind2="7">
    <subfield code="a">Morales, Luis de </subfield>
    <subfield code="d">(1509-1586)</subfield>
    <subfield code="9">1266</subfield>
  </datafield>
  <datafield tag="610" ind1="2" ind2="4">
    <subfield code="a">Real Colegiata de San Isidro y Nuestra Se&#xF1;ora del Buen Consejo (Madrid)</subfield>
    <subfield code="9">65551</subfield>
  </datafield>
  <datafield tag="651" ind1=" " ind2="7">
    <subfield code="a">Madrid</subfield>
    <subfield code="2">embne</subfield>
    <subfield code="9">75182</subfield>
  </datafield>
  <datafield tag="655" ind1=" " ind2="7">
    <subfield code="a">Fotograf&#xED;as de obras de arte</subfield>
    <subfield code="9">75675</subfield>
  </datafield>
  <datafield tag="852" ind1=" " ind2=" ">
    <subfield code="j">Fot-545</subfield>
  </datafield>
  <datafield tag="856" ind1=" " ind2=" ">
    <subfield code="3">Fot-545</subfield>
    <subfield code="u">https://archivoybiblioteca.realacademiabellasartessanfernando.com/cgi-bin/koha/opac-retrieve-file.pl?id=c41d3651d7c72b68c9fa55796b45a9d2</subfield>
  </datafield>
  <datafield tag="942" ind1=" " ind2=" ">
    <subfield code="2">ddc</subfield>
    <subfield code="c">FOTOGRAF&#xCD;A</subfield>
    <subfield code="n">0</subfield>
  </datafield>
  <datafield tag="952" ind1=" " ind2=" ">
    <subfield code="0">0</subfield>
    <subfield code="1">0</subfield>
    <subfield code="2">ddc</subfield>
    <subfield code="4">0</subfield>
    <subfield code="7">0</subfield>
    <subfield code="8">FOTOGRAFIA</subfield>
    <subfield code="a">RABASF</subfield>
    <subfield code="b">RABASF</subfield>
    <subfield code="c">DP2</subfield>
    <subfield code="d">2025-04-08</subfield>
    <subfield code="l">0</subfield>
    <subfield code="o">Fot-545</subfield>
    <subfield code="p">1095303</subfield>
    <subfield code="r">2025-04-08 10:06:36</subfield>
    <subfield code="w">2025-04-08</subfield>
    <subfield code="y">FOTOGRAF&#xCD;A</subfield>
  </datafield>
  <datafield tag="999" ind1=" " ind2=" ">
    <subfield code="c">84428</subfield>
    <subfield code="d">84428</subfield>
  </datafield>
</record>
